An introduction to linear algebra and tensors
Saved in:
| Main Author: | |
|---|---|
| Other Authors: | , |
| Format: | Book |
| Language: | English |
| Published: |
New York :
Dover Publications,
c1972
|
| Edition: | Rev. ed. |
| Subjects: | |
| Tags: |
Add Tag
No Tags, Be the first to tag this record!
|
MARC
| LEADER | 00000nam a2200000 i 4500 | ||
|---|---|---|---|
| 001 | 1/36568 | ||
| 008 | 941103s1972 eng d | ||
| 020 | |a 0-486-63545-7 (pbk.) | ||
| 035 | |a 1988 |l 10040275 | ||
| 040 | |a GR-MY-UA |b gre |e aacr | ||
| 041 | 1 | |a eng | |
| 082 | 0 | |a 512.5 |2 (21) | |
| 100 | 1 | |a Akivis, M. A. |q (Maks Aizikovich) | |
| 245 | 1 | 3 | |a An introduction to linear algebra and tensors / |c M.A. Akivis; W. Goldberg ; translated and edited by: Richard A. Silverman |
| 250 | |a Rev. ed. | ||
| 260 | |a New York : |b Dover Publications, |c c1972 | ||
| 300 | |a vii, 183 σ.; |c 22 3κ | ||
| 504 | |a Περιλαμβάνει βιβλιογραφικές αναφορές και ευρετήριο | ||
| 650 | 0 | 0 | |a Algebras, Linear. |
| 650 | 0 | 0 | |a Tensor algebra. |
| 650 | 0 | 0 | |a Algebras, Linear |x Problems, exercises, etc. |
| 650 | 0 | 0 | |a Calculus of tensors. |
| 700 | 1 | |a Goldberg, V. V. |q (Vladislav Viktorovich) | |
| 700 | 1 | |a Silverman, Richard A. |4 edt |4 trl | |
| 852 | |a INST |b CHIOS |e 20050310 |h 512.5 AKI |p 005200022434 |q 005200022434 |t BK |y 0 | ||
| 852 | |a INST |b SAMOS |e 19941103 |h 512.5 AKI |p 005300001583 |q 005300001583 |t BK |y 0 | ||
| 901 | |a BIBL2-2005-1 | ||
| 909 | |a Σ |b 010458 | ||
| 909 | |a Χ |b 112500 | ||
| 920 | |a ΔΙΕΥΡΥΝΣΗ |b ΕΠΕΑΕΚ-ΤΜΟΔ |y ΧΙΟΣ |z 2004-12 | ||
| 970 | |a ΣΑΛΑΜΟΥΡΑ |b ΜΑΡΙΑ |z 2005/03/10 | ||